<?xml version="1.0" encoding="UTF-8"?><?xml-stylesheet type="text/xsl" href="static/style.xsl"?><OAI-PMH xmlns="http://www.openarchives.org/OAI/2.0/" xmlns:xsi="http://www.w3.org/2001/XMLSchema-instance" xsi:schemaLocation="http://www.openarchives.org/OAI/2.0/ http://www.openarchives.org/OAI/2.0/OAI-PMH.xsd"><responseDate>2026-04-27T12:56:54Z</responseDate><request verb="GetRecord" identifier="oai:uvadoc.uva.es:10324/48253" metadataPrefix="marc">https://uvadoc.uva.es/oai/request</request><GetRecord><record><header><identifier>oai:uvadoc.uva.es:10324/48253</identifier><datestamp>2025-03-26T19:45:09Z</datestamp><setSpec>com_10324_5460</setSpec><setSpec>com_10324_5186</setSpec><setSpec>com_10324_29291</setSpec><setSpec>col_10324_48251</setSpec></header><metadata><record xmlns="http://www.loc.gov/MARC21/slim" xmlns:doc="http://www.lyncode.com/xoai" xmlns:xsi="http://www.w3.org/2001/XMLSchema-instance" xmlns:dcterms="http://purl.org/dc/terms/" xsi:schemaLocation="http://www.loc.gov/MARC21/slim http://www.loc.gov/standards/marcxml/schema/MARC21slim.xsd">
<leader>00925njm 22002777a 4500</leader>
<datafield tag="042" ind1=" " ind2=" ">
<subfield code="a">dc</subfield>
</datafield>
<datafield tag="720" ind1=" " ind2=" ">
<subfield code="a">Labiano Juangarcía, Roncesvalles</subfield>
<subfield code="e">author</subfield>
</datafield>
<datafield tag="260" ind1=" " ind2=" ">
<subfield code="c">2021</subfield>
</datafield>
<datafield tag="520" ind1=" " ind2=" ">
<subfield code="a">El final del terrorismo de ETA ha dejado abiertas cuestiones como las del relato sobre lo ocurrido, la memoria y la prevención de la radicalización. La narrativa de ficción no se ha mantenido ajena y en ese contexto se han publicado las novelas de la escritora donostiarra Luisa Etxenike El ángulo ciego, Absoluta presencia y Aves del paraíso. El análisis de las tres obras confirma que la literatura de Etxenike está imbricada con la realidad y el debate social actual en torno al terrorismo, un marco en el que la autora otorga una importancia mayúscula a la cuestión de la transmisión intergeneracional. Asimismo, en los tres casos se aprecia que tanto la historia como el modo de contarla, los rasgos formales y estilísticos, apuntan en una misma dirección y contribuyen a lanzar un mensaje contra el terror y el silencio. Todo ello permite hablar de literatura éticamente y estéticamente comprometida.</subfield>
</datafield>
<datafield tag="024" ind2=" " ind1="8">
<subfield code="a">Castilla. Estudios de Literatura; Núm. 12 (2021) pags. 620-655</subfield>
</datafield>
<datafield tag="024" ind2=" " ind1="8">
<subfield code="a">1989-7383</subfield>
</datafield>
<datafield tag="024" ind2=" " ind1="8">
<subfield code="a">https://uvadoc.uva.es/handle/10324/48253</subfield>
</datafield>
<datafield tag="024" ind2=" " ind1="8">
<subfield code="a">10.24197/cel.12.2021.620-655</subfield>
</datafield>
<datafield tag="024" ind2=" " ind1="8">
<subfield code="a">620</subfield>
</datafield>
<datafield tag="024" ind2=" " ind1="8">
<subfield code="a">12</subfield>
</datafield>
<datafield tag="024" ind2=" " ind1="8">
<subfield code="a">655</subfield>
</datafield>
<datafield ind1=" " ind2=" " tag="653">
<subfield code="a">Literatura</subfield>
</datafield>
<datafield tag="245" ind1="0" ind2="0">
<subfield code="a">Literatura comprometida frente al terror y el silencio. Las novelas sobre ETA de Luisa Etxenike: «El ángulo ciego», «Absoluta presencia» y «Aves del paraíso»</subfield>
</datafield>
</record></metadata></record></GetRecord></OAI-PMH>